[Event "Trieste Excelsior Palace op 2nd"]
[Site "Trieste"]
[Date "2018.01.05"]
[Round "6"]
[White "Bembich, Corrado"]
[Black "Masella, Vincenzo"]
[Result "0-1"]
[WhiteElo "1911"]
[BlackElo "1660"]
[PlyCount "84"]
[EventDate "2018.01.02"]
[EventType "swiss"]
[EventRounds "7"]
[EventCountry "ITA"]
[SourceTitle "CBM 182 Extra"]
[Source "ChessBase"]
[SourceDate "2018.02.23"]
[SourceVersion "1"]
[SourceVersionDate "2018.02.23"]
[SourceQuality "1"]

1. d4 d6 2. e4 g6 3. Nf3 Bg7 4. c3 Nf6 5. Bd3 Nbd7 6. Qe2 e5 7. 0-0 0-0 8. Bg5 h6 9. Bxf6 Qxf6 10. Na3 a6 11. Nc2 Qe7 12. b4 b6 13. d5 Nf6 14. h3 Nh5 15. Qd2 Nf4 16. Kh2 g5 17. Ng1 Qf6 18. g3 Ng6 19. Ne3 Ne7 20. Be2 Qg6 21. Bg4 Bxg4 22. Nxg4 Qxe4 23. Rad1 Qg6 24. Qe2 f5 25. Ne3 Kh7 26. Nc2 Rf7 27. c4 Raf8 28. f3 Ra8 29. Ne1 Qf6 30. Ng2 Ng6 31. f4 gxf4 32. gxf4 e4 33. Rb1 a5 34. b5 Rg8 35. Qc2 Nh4 36. Nxh4 Qxh4 37. Ne2 Bf6 38. Qb3 Rfg7 39. Qe3 Bd4 40. Nxd4 Rg2+ 41. Kh1 R2g3 42. Nxf5 Qxh3# 0-1

[Event "Trieste Excelsior Palace op 2nd"]
[Site "Trieste"]
[Date "2018.01.03"]
[Round "3"]
[White "Bembich, Corrado"]
[Black "Piunti, Mauro"]
[Result "0-1"]
[WhiteElo "1911"]
[BlackElo "1754"]
[PlyCount "72"]
[EventDate "2018.01.02"]
[EventType "swiss"]
[EventRounds "7"]
[EventCountry "ITA"]
[SourceTitle "CBM 182 Extra"]
[Source "ChessBase"]
[SourceDate "2018.02.23"]
[SourceVersion "1"]
[SourceVersionDate "2018.02.23"]
[SourceQuality "1"]

1. d4 d6 2. e3 Nf6 3. f4 g6 4. Bd3 Bg7 5. Nf3 Nbd7 6. 0-0 0-0 7. Qe2 e5 8. e4 exd4 9. f5 Ne5 10. Nxe5 dxe5 11. fxg6 fxg6 12. Bg5 Qd6 13. Bxf6 Rxf6 14. Rxf6 Qxf6 15. Nd2 Bh6 16. Rf1 Qe7 17. Bc4+ Be6 18. Nf3 Be3+ 19. Kh1 Kg7 20. Nxe5 Bxc4 21. Qxc4 Qxe5 22. Rf7+ Kh6 23. Qf1 Qxe4 24. Qf6 Rg8 25. h3 Bg5 26. Qf1 Rg7 27. Rf3 Re7 28. h4 Bd2 29. Qb5 Qe1+ 30. Kh2 Qe5+ 31. Qxe5 Rxe5 32. g4 Kg7 33. c4 Re2+ 34. Kh1 Be3 35. h5 d3 36. g5 gxh5 0-1

[Event "Novi Sad Vujovic Memorial"]
[Site "Novi Sad"]
[Date "2014.11.14"]
[Round "1"]
[White "Jovic, Stevan"]
[Black "Bembich, Corrado"]
[Result "1/2-1/2"]
[WhiteElo "2273"]
[BlackElo "2003"]
[PlyCount "26"]
[EventDate "2014.11.14"]
[EventType "swiss"]
[EventRounds "10"]
[EventCountry "SRB"]
[SourceTitle "CBM 163 Extra"]
[Source "ChessBase"]
[SourceDate "2014.12.23"]
[SourceVersion "1"]
[SourceVersionDate "2014.12.23"]
[SourceQuality "1"]

1. d4 Nf6 2. c4 e6 3. Nc3 Bb4 4. Qb3 c5 5. dxc5 Nc6 6. Nf3 Ne4 7. Bd2 Nxc5 8. Qc2 f5 9. g3 0-0 10. Bg2 d6 11. Rd1 e5 12. a3 Bxc3 13. Bxc3 Qc7 1/2-1/2

[Event "Nova Gorica op-A 12th"]
[Site "Nova Gorica"]
[Date "2007.01.26"]
[Round "1"]
[White "Stevic, Hrvoje"]
[Black "Bembich, Corrado"]
[Result "1-0"]
[WhiteElo "2495"]
[BlackElo "2220"]
[PlyCount "63"]
[EventDate "2007.01.26"]
[EventType "swiss"]
[EventRounds "9"]
[EventCountry "SLO"]
[SourceTitle "CBM 116 Extra"]
[Source "ChessBase"]
[SourceDate "2007.03.07"]
[SourceVersion "1"]
[SourceVersionDate "2007.03.07"]
[SourceQuality "1"]

1. e4 d6 2. d4 e6 3. Nc3 a6 4. Be3 g6 5. Qd2 h6 6. 0-0-0 Bg7 7. h4 b6 8. h5 g5 9. f4 f6 10. Bd3 Ne7 11. e5 Nf5 12. exf6 Bxf6 13. Bf2 gxf4 14. Bxf5 exf5 15. Re1+ Kf7 16. Nd5 Bg5 17. Nf3 Nc6 18. Nxf4 Ne7 19. Nxg5+ hxg5 20. Rxe7+ Qxe7 21. Ng6 Qf6 22. Nxh8+ Qxh8 23. Qxg5 Qf6 24. Qxf6+ Kxf6 25. Bh4+ Kf7 26. Re1 Bb7 27. Re7+ Kg8 28. h6 Rf8 29. Rxc7 Rf6 30. Rxb7 Rxh6 31. Bf2 Kf8 32. Rxb6 1-0

[Event "Nova Gorica op-B 11th"]
[Site "Nova Gorica"]
[Date "2006.02.01"]
[Round "9"]
[White "Bembich, Corrado"]
[Black "Pulec Rozic, Lea"]
[Result "1/2-1/2"]
[WhiteElo "1500"]
[BlackElo "1757"]
[PlyCount "114"]
[EventDate "2006.01.27"]
[EventType "swiss"]
[EventRounds "9"]
[EventCountry "SLO"]
[SourceTitle "CBM 110 Extra"]
[Source "ChessBase"]
[SourceDate "2006.03.10"]
[SourceVersion "2"]
[SourceVersionDate "2006.03.10"]
[SourceQuality "1"]

1. d4 d5 2. Nf3 Nf6 3. Nbd2 Bf5 4. e3 e6 5. c4 dxc4 6. Bxc4 Bb4 7. Qa4+ Nc6 8. 0-0 Bxd2 9. Nxd2 0-0 10. Re1 e5 11. dxe5 Nxe5 12. e4 Nxc4 13. Qxc4 Re8 14. f3 Qd6 15. Qf1 Bd7 16. Nc4 Qc5+ 17. Kh1 Bb5 18. b3 Nd7 19. Be3 Bxc4 20. Qxc4 Qxc4 21. bxc4 Ne5 22. c5 Rad8 23. Bf4 Nd3 24. Bxc7 Nxe1 25. Bxd8 Nxg2 26. Bg5 Re5 27. Rd1 f6 28. Bxf6 gxf6 29. Kxg2 Rxc5 30. Rd8+ Kg7 31. Rd7+ Kg6 32. Rxb7 Rc2+ 33. Kg3 Rxa2 34. h4 Ra5 35. Rd7 h5 36. Rd5 Ra3 37. e5 fxe5 38. Rxe5 a5 39. Re2 Kf5 40. Rd2 Ke5 41. Rb2 Kf5 42. Rb5+ Kg6 43. Rb2 Kf5 44. Rc2 Kf6 45. Kf2 Kf5 46. Rc5+ Kg6 47. f4 Rh3 48. Rxa5 Rxh4 49. Ra6+ Kg7 50. Ke3 Rh1 51. f5 Rf1 52. Ke4 Kf7 53. Rh6 Re1+ 54. Kf4 Rf1+ 55. Kg5 Rg1+ 56. Kh4 Rh1+ 57. Kg3 Rg1+ 1/2-1/2

[Event "Nova Gorica op-B 11th"]
[Site "Nova Gorica"]
[Date "2006.02.01"]
[Round "8"]
[White "Skrinjar, Matic"]
[Black "Bembich, Corrado"]
[Result "1-0"]
[WhiteElo "1590"]
[BlackElo "1500"]
[PlyCount "39"]
[EventDate "2006.01.27"]
[EventType "swiss"]
[EventRounds "9"]
[EventCountry "SLO"]
[SourceTitle "CBM 110 Extra"]
[Source "ChessBase"]
[SourceDate "2006.03.10"]
[SourceVersion "2"]
[SourceVersionDate "2006.03.10"]
[SourceQuality "1"]

1. e4 e5 2. Nf3 d6 3. Bc4 Nc6 4. Nc3 Na5 5. Bb3 Nxb3 6. axb3 Bd7 7. d4 f6 8. 0-0 Ne7 9. Be3 b6 10. Re1 g5 11. dxe5 dxe5 12. Nd5 Nxd5 13. Qxd5 Bd6 14. c4 c6 15. Qxd6 h5 16. Bxg5 fxg5 17. Qxe5+ Kf7 18. Nxg5+ Kg6 19. Rad1 Re8 20. Rd6+ 1-0

[Event "Nova Gorica op-B 11th"]
[Site "Nova Gorica"]
[Date "2006.01.29"]
[Round "4"]
[White "Bembich, Corrado"]
[Black "Sambo, Pietro"]
[Result "0-1"]
[WhiteElo "1500"]
[BlackElo "1661"]
[PlyCount "94"]
[EventDate "2006.01.27"]
[EventType "swiss"]
[EventRounds "9"]
[EventCountry "SLO"]
[SourceTitle "CBM 110 Extra"]
[Source "ChessBase"]
[SourceDate "2006.03.10"]
[SourceVersion "2"]
[SourceVersionDate "2006.03.10"]
[SourceQuality "1"]

1. d4 Nf6 2. e3 g6 3. Nf3 Bg7 4. c4 d5 5. cxd5 Nxd5 6. Bd2 0-0 7. Nc3 Nxc3 8. bxc3 c5 9. Be2 cxd4 10. cxd4 a6 11. 0-0 Re8 12. Bc3 Bd7 13. Bd3 Bc6 14. e4 e6 15. Qc2 Nd7 16. d5 exd5 17. Bxg7 Kxg7 18. exd5 Bxd5 19. Qd1 Bc6 20. Re1 Qf6 21. Be2 Rad8 22. Nd4 Nf8 23. Bd3 Qxd4 24. Rxe8 Rxe8 25. Qf1 Ne6 26. Rd1 Rd8 27. Be2 Qb6 28. Rxd8 Qxd8 29. f3 Qd4+ 30. Kh1 b5 31. h3 Nf4 32. Bd1 Bd5 33. Bb3 Bxb3 34. axb3 Nh5 35. Qe1 Nf6 36. Qa5 Qd6 37. Qa1 h5 38. g4 hxg4 39. hxg4 Qg3 40. Qxa6 Qxf3+ 41. Kg1 Qxg4+ 42. Kf1 Qf3+ 43. Ke1 Qxb3 44. Qb6 Qb2 45. Kd1 b4 46. Qa7 b3 47. Qd4 Qc2+ 0-1

[Event "Nova Gorica op-B 11th"]
[Site "Nova Gorica"]
[Date "2006.01.28"]
[Round "2"]
[White "Devetak, Robert"]
[Black "Bembich, Corrado"]
[Result "1-0"]
[WhiteElo "1677"]
[BlackElo "1500"]
[PlyCount "53"]
[EventDate "2006.01.27"]
[EventType "swiss"]
[EventRounds "9"]
[EventCountry "SLO"]
[SourceTitle "CBM 110 Extra"]
[Source "ChessBase"]
[SourceDate "2006.03.10"]
[SourceVersion "2"]
[SourceVersionDate "2006.03.10"]
[SourceQuality "1"]

1. e4 e5 2. Nf3 d6 3. Bc4 Be7 4. c3 Bf6 5. d4 Nc6 6. 0-0 a6 7. h3 Na5 8. Bd3 h6 9. Qa4+ Nc6 10. d5 b5 11. Bxb5 axb5 12. Qxa8 Bd7 13. Qxd8+ Nxd8 14. b3 g5 15. Be3 g4 16. hxg4 Bxg4 17. Nbd2 Ne7 18. Rfc1 Ng6 19. c4 bxc4 20. Rxc4 Nh4 21. Nxh4 Bxh4 22. f3 Bd7 23. Rxc7 Rh7 24. a4 f6 25. a5 Nf7 26. a6 Rg7 27. Rxd7 1-0

[Event "Nova Gorica op-B 11th"]
[Site "Nova Gorica"]
[Date "2006.01.28"]
[Round "3"]
[White "Grosar, Gari"]
[Black "Bembich, Corrado"]
[Result "0-1"]
[WhiteElo "1625"]
[BlackElo "1500"]
[PlyCount "62"]
[EventDate "2006.01.27"]
[EventType "swiss"]
[EventRounds "9"]
[EventCountry "SLO"]
[SourceTitle "CBM 110 Extra"]
[Source "ChessBase"]
[SourceDate "2006.03.10"]
[SourceVersion "2"]
[SourceVersionDate "2006.03.10"]
[SourceQuality "1"]

1. e4 e5 2. Nf3 d6 3. Bc4 Be7 4. d3 Nc6 5. c3 a6 6. d4 Bf6 7. Be3 Bd7 8. b4 Qe7 9. a4 exd4 10. Bxd4 Bxd4 11. Nxd4 Qxe4+ 12. Qe2 Qxe2+ 13. Nxe2 Ne5 14. Nd2 Be6 15. Bxe6 Nd3+ 16. Kf1 fxe6 17. Nd4 Kd7 18. N2f3 h6 19. g3 Nf6 20. Ke2 Nb2 21. Nd2 Nd5 22. Rhc1 Nb6 23. a5 N6c4 24. Rcb1 d5 25. Nxc4 Nxc4 26. Kd3 Rhf8 27. f4 e5 28. Ne2 Rae8 29. Re1 g5 30. fxe5 Nxe5+ 31. Kc2 Nf3 0-1

[Event "Nova Gorica op-B 11th"]
[Site "Nova Gorica"]
[Date "2006.01.27"]
[Round "1"]
[White "Bembich, Corrado"]
[Black "Bukovec, Tina"]
[Result "0-1"]
[WhiteElo "1500"]
[BlackElo "1849"]
[PlyCount "46"]
[EventDate "2006.01.27"]
[EventType "swiss"]
[EventRounds "9"]
[EventCountry "SLO"]
[SourceTitle "CBM 110 Extra"]
[Source "ChessBase"]
[SourceDate "2006.03.10"]
[SourceVersion "2"]
[SourceVersionDate "2006.03.10"]
[SourceQuality "1"]

1. d4 Nf6 2. e3 g6 3. Nf3 Bg7 4. Bd3 c5 5. c3 d6 6. h3 0-0 7. Nbd2 Nc6 8. Qe2 a6 9. Ne4 Bd7 10. Bd2 b5 11. Nxf6+ Bxf6 12. Be4 Rb8 13. 0-0-0 b4 14. b3 Qa5 15. cxb4 Qxa2 16. Qd3 cxd4 17. Qb1 Qa3+ 18. Kc2 Rfc8 19. Kd3 Nxb4+ 20. Ke2 Bb5+ 21. Ke1 d5 22. Nxd4 Bxd4 23. Bf3 Nc2+ 0-1

[Event "Trieste op-B 7th"]
[Site "Trieste"]
[Date "2005.09.10"]
[Round "9"]
[White "Poniz, Alessandro"]
[Black "Bembich, Corrado"]
[Result "1-0"]
[WhiteElo "1440"]
[BlackElo "1452"]
[PlyCount "57"]
[EventDate "2005.09.03"]
[EventType "swiss"]
[EventRounds "9"]
[EventCountry "ITA"]
[SourceTitle "EXT 2023"]
[Source "ChessBase"]
[SourceDate "2022.10.05"]
[SourceVersion "1"]
[SourceVersionDate "2022.10.05"]
[SourceQuality "1"]

1. d4 c6 2. c4 Nf6 3. Nc3 g6 4. Bg5 Bg7 5. Bxf6 Bxf6 6. e3 0-0 7. Nf3 d5 8. Bd3 Bg4 9. h3 Be6 10. 0-0 Bg7 11. Re1 Nd7 12. Ng5 Nf6 13. Nxe6 fxe6 14. cxd5 exd5 15. Qb3 b6 16. Qc2 e6 17. Ne2 Nh5 18. Qxc6 Qh4 19. Qxe6+ Kh8 20. Rf1 Rf6 21. Qxd5 Raf8 22. f3 Bh6 23. Qe5 Bg7 24. Qe4 Rf5 25. Qxh4 Bf6 26. Qe1 Rd5 27. Qb4 Re8 28. e4 a5 29. Qxb6 1-0

[Event "Nova Gorica op-B 10th"]
[Site "Nova Gorica"]
[Date "2005.02.03"]
[Round "9"]
[White "Bembich, Corrado"]
[Black "Zivkovic, Jan"]
[Result "0-1"]
[WhiteElo "2000"]
[BlackElo "1850"]
[PlyCount "58"]
[EventDate "2005.01.28"]
[EventType "swiss"]
[EventRounds "9"]
[EventCountry "SLO"]
[SourceTitle "CBM 104 Extra"]
[Source "ChessBase"]
[SourceDate "2005.03.01"]
[SourceVersion "1"]
[SourceVersionDate "2005.03.01"]
[SourceQuality "1"]

1. d4 Nf6 2. Nf3 g6 3. c4 d5 4. cxd5 Nxd5 5. e4 Nf6 6. Bd3 Bg4 7. Qa4+ c6 8. Ne5 Nbd7 9. Nxg4 Nxg4 10. Be2 h5 11. Nc3 Nb6 12. Qd1 Bg7 13. e5 Qd7 14. h3 Nh6 15. 0-0 0-0-0 16. Be3 Nf5 17. Rc1 Nxd4 18. Nb5 Nxb5 19. Qxd7+ Rxd7 20. Bxb5 Bxe5 21. Be2 Bxb2 22. Rb1 Bd4 23. Bf4 Nd5 24. Rxb7 Rxb7 25. Ba6 Nxf4 26. Rb1 Bb6 27. Rb4 Nd5 28. Rb3 Kc7 29. a4 Bxf2+ 0-1

[Event "Nova Gorica op-B 10th"]
[Site "Nova Gorica"]
[Date "2005.02.01"]
[Round "7"]
[White "Bembich, Corrado"]
[Black "Bacic, Domagoj"]
[Result "0-1"]
[WhiteElo "2000"]
[BlackElo "1534"]
[PlyCount "60"]
[EventDate "2005.01.28"]
[EventType "swiss"]
[EventRounds "9"]
[EventCountry "SLO"]
[SourceTitle "CBM 104 Extra"]
[Source "ChessBase"]
[SourceDate "2005.03.01"]
[SourceVersion "1"]
[SourceVersionDate "2005.03.01"]
[SourceQuality "1"]

1. d4 d5 2. c4 e6 3. Nc3 Nf6 4. Nf3 c6 5. Bg5 Be7 6. e3 Ne4 7. Bxe7 Qxe7 8. Nxe4 dxe4 9. Nd2 f5 10. Be2 0-0 11. 0-0 Nd7 12. f3 Qg5 13. f4 Qe7 14. c5 Nf6 15. h3 b6 16. Bc4 bxc5 17. dxc5 Qxc5 18. Re1 Nd5 19. Qb3 a5 20. a4 Qa7 21. Qa3 Rb8 22. Kf2 Nxf4 23. Qd6 Nd3+ 24. Bxd3 exd3 25. Qxd3 Rxb2 26. Rad1 Qc5 27. Kg3 Qe5+ 28. Kf2 c5 29. Kg1 Bb7 30. Nc4 Rxg2+ 0-1

[Event "Trieste op-B 06th"]
[Site "Trieste"]
[Date "2004.09.05"]
[Round "2"]
[White "Bembich, Corrado"]
[Black "Patino, Zuliani Nicolas"]
[Result "0-1"]
[WhiteElo "1440"]
[BlackElo "1446"]
[PlyCount "62"]
[EventDate "2004.09.04"]
[EventType "swiss"]
[EventRounds "9"]
[EventCountry "ITA"]
[SourceTitle "CBM 102 Extra"]
[Source "ChessBase"]
[SourceDate "2004.11.03"]
[SourceVersion "1"]
[SourceVersionDate "2004.11.03"]
[SourceQuality "1"]

1. d4 Nf6 2. c4 e6 3. Nf3 Bb4+ 4. Nc3 0-0 5. g3 d5 6. Ne5 Ne4 7. Qa4 Bxc3+ 8. bxc3 Nxc3 9. Qc2 Ne4 10. Be3 f6 11. f3 Nd6 12. c5 Nf5 13. Ng4 h5 14. Qd2 hxg4 15. fxg4 Nxe3 16. Qxe3 Nc6 17. Bg2 Nb4 18. Qd2 a5 19. a3 Nc6 20. h3 e5 21. 0-0 Nxd4 22. e3 Nb3 23. Qxd5+ Kh8 24. Qxb3 Ra7 25. h4 Bxg4 26. Bxb7 Qe7 27. Qc4 Rxb7 28. Qxg4 Qxc5 29. Rf3 Rb2 30. Qf5 Rd8 31. Qe6 Qc2 0-1